000 00341nam a2200133Ia 4500
008 240624s9999 xx 000 0 und d
041 _aeng
082 _a658.001 DYE
100 _aDYER SUZETTE
245 _aUNDERSTANDING MANAGEMENT CRITICALLY A ST
260 _c2014
_aNew Delhi
_bSage
300 _axix, 297 p.; 23 cm.
365 _cBPS
_b38
999 _c31280
_d31280